Las culturas tradicionales y los cambios técnicos
Wedi'i Gadw mewn:
| Prif Awdur: | |
|---|---|
| Fformat: | Llyfr |
| Iaith: | Sbaeneg |
| Cyhoeddwyd: |
Ciudad de México
Fondo de Cultura Económica
1966
|
| Rhifyn: | 2a. ed |
| Cyfres: | Sección de obras de Antropología
|
| Pynciau: | |
| Tagiau: |
Ychwanegu Tag
Dim Tagiau, Byddwch y cyntaf i dagio'r cofnod hwn!
|
MARC
| LEADER | 00000nam a2200000 a 4500 | ||
|---|---|---|---|
| 001 | UCR9267 | ||
| 003 | CL-VaPUC | ||
| 008 | 980613e19660000MX |||||||||||||||||spa|d | ||
| 082 | 0 | 4 | |a 306 |b FOS |2 21 |
| 100 | 0 | |a Foster, George McClelland |e author |9 411601 | |
| 245 | 1 | 4 | |a Las culturas tradicionales y los cambios técnicos |
| 250 | |a 2a. ed | ||
| 300 | |a 261 p | ||
| 942 | |c BK | ||
| 945 | |d 19980613 00:00:00 |a cmena | ||
| 260 | |a Ciudad de México |b Fondo de Cultura Económica |c 1966 | ||
| 650 | 7 | |a DESARROLLO TECNOLOGICO |2 CL-VaPUC |9 259800 | |
| 650 | 0 | |a Antropología cultural y social |9 265143 | |
| 650 | 0 | |a Cambio social |9 256857 | |
| 650 | 0 | |a Organizaciones culturales |9 350598 | |
| 583 | |a last modification |c 19980613 00:00:00 |k Rodrigo Vera | ||
| 490 | 0 | |a Sección de obras de Antropología | |
| 999 | |c 270469 |d 270467 | ||
| 952 | |0 0 |1 0 |4 0 |6 306_000000000000000_FOS_1966 |7 0 |8 A |9 304774 |a BIBENE |b BIBENE |d 2019-11-20 |i 1415433 |o 306 FOS 1966 |p 1415433 |r 2025-01-15 |w 2019-11-20 |y BK |k ICO | ||